Extrakcia látok z drevnej biomasy s využitím mikrovlnného ohrevu diplomová práca

Salvato in:
Dettagli Bibliografici
Autore principale: Benedeková, Martina
Natura: Libro
Lingua:slovacco
Pubblicazione: Bratislava STU FCHPT 2015
Accesso online:Visualizza in OPAC
Tags: Aggiungi Tag
Nessun Tag, puoi essere il primo ad aggiungerne!!

MARC

LEADER 00000nam a2200000 a 4500
005 20260127134339.0
008 151202 2015 000 0 slo d
035 |a vtls011425829 
039 9 |y 201512021617  |z mschk03 
040 |a STUSCHK1  |b slo  |c STUSCHK1  |e AACR2 
100 1 |a Benedeková, Martina 
245 1 |a Extrakcia látok z drevnej biomasy s využitím mikrovlnného ohrevu  |b diplomová práca  |c Martina Benedeková 
260 |a Bratislava  |b STU FCHPT  |c 2015 
300 |a 69 s.  |b il.  |c 25 cm 
500 |a Študijný program: chemické inžinierstvo 
500 |a Študijný odbor: chemické inžinierstvo 
500 |a Školiace pracovisko: Odd. chemického a biochemického inžinierstvo 
500 |a Evid. číslo: FCHPT-5433-44031 
910 |a SCHK95 
999 |c 10482  |d 10482